书目信息 |
| 题名: |
无线电遥控技术
|
|
| 作者: | 袁永明 , 邓大文 编著 | |
| 分册: | ||
| 出版信息: | 上海 上海教育出版社 1978 |
|
| 页数: | 245页 | |
| 开本: | 26cm | |
| 丛书名: | 中学科技丛书 | |
| 单 册: | ||
| 中图分类: | TP872 | |
| 科图分类: | ||
| 主题词: | 无线电遥控--技术 | |
| 电子资源: | ||
| ISBN: | ||
| 000 | 00724nam2 2200253 45 | |
| 001 | 0178001870 | |
| 005 | 20060510153048.32 | |
| 010 | @dCNY1.50 | |
| 091 | @a7150.1793 | |
| 100 | @a19950728d1978 em y0chiy0121 ea | |
| 101 | 0 | @achi |
| 102 | @aCN@b310000 | |
| 105 | @ay z 000yy | |
| 200 | 10 | @a无线电遥控技术@Awu xian dian yao kong ji shu@f袁永明,邓大文编著@Fyuan yong ming,deng da wen bian zhu |
| 210 | @a上海@c上海教育出版社@d1978 | |
| 215 | @a245页@d26cm | |
| 225 | 2 | @a中学科技丛书 |
| 410 | 0 | @120010@a中学科技丛书 |
| 606 | @a无线电遥控@x技术 | |
| 690 | @aTP872@v3 | |
| 701 | 0 | @a袁永明@Ayuan yong ming@4编著 |
| 701 | 0 | @a邓大文@Adeng da wen@4编著 |
| 801 | 0 | @aCN@bTSSF@c20060510 |
| 905 | @a10447@dTP872@e1 | |
| 无线电遥控技术/袁永明,邓大文编著.-上海:上海教育出版社,1978 |
| 245页;26cm.-(中学科技丛书) |
| ISBN :CNY1.50 |
| ● |
| 相关链接 |
|
|
|
|
正题名:无线电遥控技术
索取号:TP872/1
 
预约/预借
| 序号 | 登录号 | 条形码 | 馆藏地/架位号 | 状态 | 备注 |
| 1 | 0004968 | 202310873 | 密集书库/ [索取号:TP872/1] | 在馆 | |
| 2 | 0004989 | 001693527 | 密集书库/ [索取号:TP872/1] | 在馆 | |
| 3 | 0004990 | 202310864 | 密集书库/ [索取号:TP872/1] | 在馆 |